Investigacin̤ de Mercados Enfoque prc̀tico /

Detalles Bibliográficos
Autor principal: Valderrey Sanz, Pablo
Formato: eBook
Lenguaje:español
Publicado: Bogot:̀ Ediciones de la U, 2011
Materias:
Acceso en línea:Acceso restringido

MARC

LEADER 00000nam a22000007a 4500
005 20210519230333.0
007 cr|||| ||||
008 210519s2011 co |||||s|||| 00||0 spa d
020 |a 978-958-8675-57-2 
035 |a 33468 
040 |a vLex 
090 |c 11743  |d 11743 
100 1 |a Valderrey Sanz, Pablo 
245 1 0 |a Investigacin̤ de Mercados  |h [Recurso electrn̤ico] :  |b Enfoque prc̀tico /  |c Pablo Valderrey Sanz 
256 |a Servicio en ln̕ea 
260 |a Bogot:̀  |b Ediciones de la U,  |c 2011 
300 |a 1 recurso electrn̤ico 
500 |a La investigacin̤ de mercados es el proceso de recopilacin̤, procesamiento y anl̀isis de informacin̤, respecto a temas relacionados con la mercadotecnia. Precisamente el contenido de este libro se adapta a la propia definicin̤ sobre la investigacin̤ de mercados. Los primeros capt̕ulos estǹ enfocados hacia el proceso de recopilacin̤ de la informacin̤ comenzando por el diseǫ de la investigacin̤, uso de escalas y recogida de la informacin̤ por muestras profundizando en los mťodos de muestreo en la investigacin̤ de mercados. Una vez recogida la informacin̤, se procesa la misma, sometiňdose al anl̀isis exploratorio de datos, depuracin̤, tabulacin̤ y contrastes, temas que son tratados en el texto de modo exhaustivo. En cada capt̕ulo se recoge una exposicin̤ ter̤ica sencilla de los conceptos ilustrǹdose los mismos con variedad de ejemplos para poner de relieve las tčnicas de un modo ms̀ claro y preciso. Los ejemplos prc̀ticos se realizan con el apoyo del software SPSS, ampliamente utilizado en la investigacin̤ de mercados. 
506 1 |a Disponible solo en los productos indicados  |d vLex Global  |d vLex Global (Academic Edition, excluding Law Schools)  |d vLex Global (U.S. Academic Edition, Law Schools)  |d vLex Global (U.S. Academic Edition, excluding Law Schools)  |d vLex Global (Academic Edition, Law Schools) 
650 0 4 |a Marketing  |z Colombia 
740 0 |a vLex Libros (Servicio en ln̕ea) 
856 4 0 |u https://vlex.com/source/investigacion-de-mercados-enfoque-practico-33468  |z Acceso restringido 
942 |c BOOK 
999 0 |a Marketing